Los triálogos : (Registro nro. 13371)
[ vista simple ]
| 000 -LIDER | |
|---|---|
| fixed length control field | 01064nam a22002777a 4500 |
| 003 - IDENTIFICACDOR DE NÚMERO DE CONTROL | |
| control field | DO-SdBNP |
| 005 - DATE AND TIME OF LATEST TRANSACTION | |
| control field | 20210920102830.0 |
| 008 - ELEMENTOS DE LONGITUD FIJA | |
| fixed length control field | 210216b2003 dr ||| 00| 0 spa d |
| 020 ## - ISBN | |
| International Standard Book Number | 9993433578 |
| 040 ## - FUENTE DE CATALOGACIÓN | |
| Agencia que crea de manera original el registro | BPMSU |
| Idioma de catalogación | spa. |
| Agencia que realiza la transcripción | BPMSU |
| 082 ## - NÚMERO DE CLASIFICACIÓN DECIMAL DE DEWEY | |
| Classification number | RD861.44 |
| Item number | M843t 2003 |
| Edition number | 22 |
| 100 1# - ASIENTO PRINCIPAL -- NOMBRE PERSONAL | |
| Nombre personal | Moreno Jimenes, Domingo |
| Fechas asociadas con el nombre | 1894 - 1986 |
| 245 14 - MENCIÓN DE TITULO | |
| Título | Los triálogos : |
| Subtítulo | poesía a tres voces / |
| Mención de responsabilidad | Domingo Moreno Jimenes , Alberto Baeza Flores, Mariano Lebrón Saviñón ; editor Tomás Castro Burdiez |
| 260 ## - PUBLICACIÓN, DISTRIBUCIÓN, ETC. (PIE DE IMPRENTA) | |
| Lugar de publicación, distribución, etc | Santo Domingo : |
| Nombre del editor, distribuidor, etc. | EDUCARTE; |
| -- | Librería la Trinitaria, |
| Fecha de publicación, distribución, etc | 2003. |
| 300 ## - DESCRIPCIÓN FÍSICA | |
| Extensión | 83 p. ; |
| Dimensiones | 21 cm. |
| 500 ## - NOTA GENERAL | |
| Nota general | Incluye datos biográficos de los autores en la contracubierta |
| 590 ## - NOTA LOCAL | |
| Enlace | inventariado,2021/MC |
| 650 #4 - ENCABEZAMIENTO DE MATERIA--TEMÁTICO | |
| Término temático o nombre geográfico como elemento de entrada | Poesía dominicana contemporánea |
| 650 #4 - ENCABEZAMIENTO DE MATERIA--TEMÁTICO | |
| Término temático o nombre geográfico como elemento de entrada | Literatura dominicana contemporánea |
| 700 1# - ASIENTO SECUNDARIO -- NOMBRE PERSONAL | |
| Nombre personal | Baeza Flores, Alberto |
| 700 1# - ASIENTO SECUNDARIO -- NOMBRE PERSONAL | |
| Nombre personal | Lebrón Saviñón, Mariano |
| 700 1# - ASIENTO SECUNDARIO -- NOMBRE PERSONAL | |
| Nombre personal | Castro Burdiez,Tomás |
| Mención de responsabilidad | ed. |
| 710 2# - ASIENTO SECUNDARIO -- NOMBRE CORPORATIVO | |
| Nombre corporativo o de jurisdicción | Fundación para la Educación (República Dominicana) |
| 910 ## - VALIDACIÓN | |
| Validación | MCabrera /VMateo V. |
| 942 ## - ADDED ENTRY ELEMENTS (KOHA) | |
| Source of classification or shelving scheme | Dewey Decimal Classification |
| Koha item type | Libros |
| Withdrawn status | Lost status | Source of classification or shelving scheme | Damaged status | Not for loan | Collection code | Home library | Current library | Date acquired | Source of acquisition | Full call number | Barcode | Date last seen | Price effective from | Koha item type | Copy number | Total Checkouts |
|---|---|---|---|---|---|---|---|---|---|---|---|---|---|---|---|---|
| Dewey Decimal Classification | Colección Dominicana | Biblioteca Pública Metropolitana Salomé Ureña | Biblioteca Pública Metropolitana Salomé Ureña | 02/16/2021 | compra | BPMSU CD RD861.44 M843L 2003 | BPMSU21020001 | 02/16/2021 | 02/16/2021 | Libros | ||||||
| Dewey Decimal Classification | Colección Dominicana | Biblioteca Pública Metropolitana Salomé Ureña | Biblioteca Pública Metropolitana Salomé Ureña | 02/16/2021 | compra | BPMSU CD RD861.44 M843L 2003 | BPMSU21020002 | 02/16/2021 | 02/16/2021 | Libros | e.2 | |||||
| Dewey Decimal Classification | Colección Dominicana | Biblioteca Pública Metropolitana Salomé Ureña | Biblioteca Pública Metropolitana Salomé Ureña | 02/16/2021 | Compra | BPMSU CD RD861.44 M843L 2003 | BPMSU21020003 | 02/16/2021 | 02/16/2021 | Libros | e.3 |